S.E.D.E.R. XIV - Séminaire Européen des Doctorants en Économie Régionale (notice n° 1882833)

détails MARC
000 -LEADER
fixed length control field 01736cam a2200169 4500500
005 - DATE AND TIME OF LATEST TRANSACTION
control field 20260329013726.0
041 ## - LANGUAGE CODE
Language code of text/sound track or separate title fre
042 ## - AUTHENTICATION CODE
Authentication code dc
100 10 - MAIN ENTRY--PERSONAL NAME
Personal name Lacour, Claude
Relator term author
245 00 - TITLE STATEMENT
Title S.E.D.E.R. XIV - Séminaire Européen des Doctorants en Économie Régionale
260 ## - PUBLICATION, DISTRIBUTION, ETC.
Date of publication, distribution, etc. 2005.<br/>
500 ## - GENERAL NOTE
General note 55
520 ## - SUMMARY, ETC.
Summary, etc. RésuméEn France, les effectifs de l’enseignement supérieur n’évoluent pas de façon homogène selon les régions. Aussi l’objectif de ce travail est-il double. Il tente, d’une part, de rechercher les déterminants de la demande d’enseignement supérieur dans les régions françaises. Il propose, d’autre part, des indicateurs d’attractivité des régions pour les étudiants. D’après nos résultats, les trois régions les plus attractives pour les étudiants durant la période 1997-2002 sont : Île-de-France, Midi-Pyrénées et Rhône-Alpes.
520 ## - SUMMARY, ETC.
Summary, etc. The demand for higher education and the attractiveness of french regions for students (1990-2002)In France, the enrollments in higher education are not distributed similarly in the regions. The aim of this paper is double. On the one hand, it tries to study the determinants of the demand for higher education in the French regions. On the other hand, it proposes indicators of attractiveness of the regions for the students. The empirical findings show that the most attractive regions during 1997-2002 are : Île-de-France, Midi-Pyrénées and Rhône-Alpes.Classification JEL : 1121, RO.
786 0# - DATA SOURCE ENTRY
Note Revue d’Économie Régionale & Urbaine | février | 1 | 2005-02-01 | p. 125-136 | 0180-7307
856 41 - ELECTRONIC LOCATION AND ACCESS
Uniform Resource Identifier <a href="https://shs.cairn.info/revue-d-economie-regionale-et-urbaine-2005-1-page-125?lang=fr&redirect-ssocas=7080">https://shs.cairn.info/revue-d-economie-regionale-et-urbaine-2005-1-page-125?lang=fr&redirect-ssocas=7080</a>

Pas d'exemplaire disponible.

PLUDOC

PLUDOC est la plateforme unique et centralisée de gestion des bibliothèques physiques et numériques de Guinée administré par le CEDUST. Elle est la plus grande base de données de ressources documentaires pour les Étudiants, Enseignants chercheurs et Chercheurs de Guinée.

Adresse

627 919 101/664 919 101

25 boulevard du commerce
Kaloum, Conakry, Guinée

Réseaux sociaux

Powered by Netsen Group @ 2025